00688cam a2200229 a 4500001000800000005001700008008004100025010001700066020002500083040001800108041000800126080001300134082002100147100000700168101000800175245005500183504003000238906004500268942001200313999001700325952011600342331582920180116045658.0860131s1986 nyua b 001 0 eng  a 84045316  a0465014259 :c$24.95 aDLCcDLCdDLC aeng a658.401200a658.4012 NAY2191 a54 aLID14aThe corporate strategy matrix /cThomas H. Naylor. aBibliography: p. 276-280. a7bcbccorignewd1eocipf19gy-gencatlg 2ddccBK c40362d40362 00102udc40708PËKGa002b002cPËKGd2018-01-16l0o658.4012 NAYp002-2995609r2018-01-16w2018-01-16yBK